Cases and materials on constitutional and administrative law. / (Record no. 5475)

MARC details
000 -LEADER
fixed length control field 00962nam a22001817a 4500
008 - FIXED-LENGTH DATA ELEMENTS--GENERAL INFORMATION
fixed length control field 150511b xxu||||| |||| 00| 0 eng d
020 ## - INTERNATIONAL STANDARD BOOK NUMBER
International Standard Book Number 9780199217779
050 ## - LIBRARY OF CONGRESS CALL NUMBER
Classification number KD3930.A7.A37
100 ## - MAIN ENTRY--PERSONAL NAME
Personal name Allen, Michael J.
245 ## - TITLE STATEMENT
Title Cases and materials on constitutional and administrative law. /
Statement of responsibility, etc. Michael J. Allen and Brian Thompson.
250 ## - EDITION STATEMENT
Edition statement 9th ed.
260 ## - PUBLICATION, DISTRIBUTION, ETC.
Place of publication, distribution, etc. Oxford:
Name of publisher, distributor, etc. Oxford University Press,
Date of publication, distribution, etc. 2008.
300 ## - PHYSICAL DESCRIPTION
Extent xxxvi, 752p.:
Dimensions 25cm
500 ## - GENERAL NOTE
General note Includes index.
505 ## - FORMATTED CONTENTS NOTE
Formatted contents note Content: Constitutional law in the united kingdom -- The Legislative supremacy of parliament -- The European union -- The Rule of law -- Constitutional conventions -- Judicial independence -- Parliament: Scrutiny of policy and administration -- Parliament: Law-making and house of lords reform -- Civil liberties -- Judicial review: The Grounds -- The Availability of judicial review -- ombudsmen -- Statutory tribunals.
700 ## - ADDED ENTRY--PERSONAL NAME
Personal name Thompson, Brian.
942 ## - ADDED ENTRY ELEMENTS (KOHA)
Source of classification or shelving scheme Library of Congress Classification
Koha item type Books
Holdings
Withdrawn status Lost status Source of classification or shelving scheme Damaged status Not for loan Home library Current library Shelving location Date acquired Total Checkouts Full call number Barcode Date last seen Copy number Price effective from Koha item type
    Library of Congress Classification     WISCONSIN INTERNATIONAL UNIVERSITY COLLEGE, GHANA - MAIN LIBRARY WISCONSIN INTERNATIONAL UNIVERSITY COLLEGE, GHANA - MAIN LIBRARY Law Library 11/05/2015   KD3930.A7.A37 019/15 11/05/2015 1 11/05/2015 Books
    Library of Congress Classification     WISCONSIN INTERNATIONAL UNIVERSITY COLLEGE, GHANA - MAIN LIBRARY WISCONSIN INTERNATIONAL UNIVERSITY COLLEGE, GHANA - MAIN LIBRARY Law Library 11/05/2015   KD3930.A7.A371 120/15 11/05/2015 2 11/05/2015 Books

If you have any concerns or questions; kindly contact the library


© Powered by WIUC ICT DIRECTORATE